PlayStation games that sold more than 1 million units - Statistics

General Stats
  • This quiz has been taken 4 times
  • The average score is 41 of 121
Answer Stats
Copies Sold Game Title % Correct
6,820,000 Crash Bandicoot
75%
7,130,000 Crash Bandicoot: Warped
75%
4,000,000 Crash Team Racing
75%
10,022,228 Final Fantasy VII
75%
8,600,000 Final Fantasy VIII
75%
10,850,000 Gran Turismo
75%
7,000,000 Metal Gear Solid
75%
1,684,398 PaRappa the Rapper
75%
5,080,000 Resident Evil
75%
5,770,000 Resident Evil 2
75%
4,832,145 Spyro the Dragon
75%
1,728,556 Tekken
75%
5,700,000 Tekken 2
75%
8,300,000 Tekken 3
75%
7,100,000 Tomb Raider
75%
6,800,000 Tomb Raider II
75%
5,900,000 Tomb Raider III
75%
1,500,000 A Bug's Life
50%
1,092,000 Ace Combat 2
50%
1,500,000 Chrono Cross
50%
7,580,000 Crash Bandicoot 2: Cortex Strikes Back
50%
3,000,000 Croc: Legend of the Gobbos
50%
5,500,000 Final Fantasy IX
50%
2,270,000 Final Fantasy Tactics
50%
1,450,000 Grand Theft Auto 2
50%
1,640,000 Medal of Honor
50%
3,500,000 Oddworld: Abe's Oddysee
50%
1,310,518 Pac-Man World
50%
1,468,507 Ridge Racer
50%
1,213,124 SaGa Frontier
50%
2,000,000 Silent Hill
50%
3,451,064 Spyro 2: Ripto's Rage
50%
3,283,077 Spyro: Year of the Dragon
50%
1,750,000 Syphon Filter
50%
1,720,000 007: Tomorrow Never Dies
25%
1,090,000 2Xtreme
25%
1,164,000 Ace Combat 3: Electrosphere
25%
2,230,000 Air Combat
25%
1,587,253 Arc the Lad
25%
1,040,000 | 1,183,995 Arc the Lad II
25%
1,229,575 Battle Arena Toshinden
25%
1,100,000 beatmania
25%
1,165,796 Chocobo's Mystery Dungeon
25%
1,210,000 Cool Boarders 2
25%
1,430,000 Cool Boarders 3
25%
1,900,000 Crash Bash
25%
1,405,048 Dance Dance Revolution
25%
2,000,000 Derby Stallion
25%
1,100,000 Derby Stallion 99
25%
1,140,609 Devil Dice
25%
2,400,000 Dino Crisis
25%
1,200,000 Dino Crisis 2
25%
1,232,071 Dragon Quest IV
25%
4,110,000 Dragon Quest VII
25%
3,220,000 Driver
25%
2,850,000 Driver 2
25%
2,359,511 Everybody's Golf
25%
1,598,482 Everybody's Golf 2
25%
3,370,000 Frogger
25%
9,370,000 Gran Turismo 2
25%
8,000,000 Harry Potter and the Philosopher's Stone
25%
1,113,288 I.Q.: Intelligent Qube
25%
1,270,000 Jet Moto
25%
1,310,000 Jet Moto 2
25%
1,500,000 Legacy of Kain: Soul Reaver
25%
1,480,000 Madden NFL 2000
25%
1,250,000 Madden NFL 98
25%
1,500,000 Madden NFL 99
25%
1,190,000 Monopoly
25%
2,010,000 Mortal Kombat Trilogy
25%
1,817,786 Namco Museum Vol. 1
25%
2,388,758 Namco Museum Vol. 3
25%
1,160,000 NASCAR 98
25%
1,140,000 NASCAR 99
25%
1,150,000 NBA Live 98
25%
1,390,000 Need for Speed: High Stakes
25%
1,700,000 Need for Speed III: Hot Pursuit
25%
1,000,000 NFL GameDay
25%
1,470,000 NFL Gameday 98
25%
1,120,000 NFL GameDay 99
25%
1,940,000 Parasite Eve
25%
1,090,000 Parasite Eve II
25%
3,500,000 Resident Evil 3: Nemesis
25%
1,460,000 Rugrats: Search for Reptar
25%
1,270,000 Spec Ops: Stealth Patrol
25%
1,850,000 Spider-Man
25%
1,070,000 SpongeBob SquarePants: SuperSponge
25%
1,094,000 Star Ocean: The Second Story
25%
1,000,000 Street Fighter Alpha 3
25%
1,420,000 Syphon Filter 2
25%
1,139,000 Tales of Destiny
25%
1,230,675 Tenchu: Stealth Assassins
25%
1,080,000 Test Drive 5
25%
1,770,000 Tetris Plus
25%
1,315,240 The Legend of Dragoon
25%
1,400,000 Tomb Raider Chronicles
25%
4,700,000 Tomb Raider: The Last Revelation
25%
3,500,000 Tony Hawk's Pro Skater
25%
3,150,000 Tony Hawk's Pro Skater 2
25%
2,110,000 Tony Hawk's Pro Skater 3
25%
1,080,000 Twisted Metal
25%
1,740,000 Twisted Metal 2
25%
1,080,000 Twisted Metal 4
25%
1,290,000 Twisted Metal III
25%
1,300,000 WCW Nitro
25%
1,000,000 WCW/nWo Thunder
25%
1,935,759 WWF SmackDown!
25%
1,915,858 WWF SmackDown! 2: Know Your Role
25%
2,200,000 WWF War Zone
25%
1,209,479 Xenogears
25%
2,510,804 Yu-Gi-Oh! Forbidden Memories
25%
1,000,000 Colin McRae Family
0%
1,032,085 Dance Dance Revolution 2nd ReMix
0%
1,000,000 Dancing Stage Party Edition
0%
1,040,000 Densha de Go!
0%
1,000,000 Fighting Force
0%
1,000,000 Monster Rancher
0%
1,000,000 NBA Live 2000
0%
1,057,091 R4: Ridge Racer Type 4
0%
1,000,000 Simple 1500 Series Vol.1: The Mahjong
0%
No matching quizzes found
Score Distribution
Percent of People with Each Score
Percentile by Number Answered
Your Score History
You have not taken this quiz